| 000 | 00927nmc a2200349 a 4500 | ||
|---|---|---|---|
| 003 | AR-BaBNM | ||
| 005 | 20251128204531.0 | ||
| 008 | 205019s1979 ||||||||||||||000 | spa|| | ||
| 020 | _a84-610-6033-4 | ||
| 040 | _cAR-BaBNM | ||
| 100 | 1 | _aSmith, Warren L. | |
| 245 | 1 | 0 | _aMacroeconomía |
| 260 |
_aBuenos Aires _bAmorrortu _c1979 |
||
| 300 | 0 |
_a583 p. _bgráfs. |
|
| 490 | 0 | _aBiblioteca de economía política | |
| 500 | 0 | _aTraducción de Graciela Mellibovsky y Elsa Kraisman | |
| 650 | 4 | _aMANO DE OBRA | |
| 650 | 4 | _aMACROECONOMIA | |
| 650 | 4 | _aPRODUCTIVIDAD | |
| 650 | 4 | _aINGRESO | |
| 650 | 4 | _aDISTRIBUCION DE INGRESOS | |
| 650 | 4 | _aCONTROL DE PRECIOS | |
| 650 | 4 | _aINVERSION | |
| 650 | 4 | _aINFLACION | |
| 650 | 4 | _aCRECIMIENTO ECONOMICO | |
| 650 | 4 | _aBALANZA DE PAGOS | |
| 650 | 4 | _aFINANZAS | |
| 650 | 4 | _aCOMERCIO INTERNACIONAL | |
| 650 | 4 | _aRELACIONES ECONOMICAS | |
| 942 | _cBK | ||
| 998 | _cCarmen | ||
| 999 |
_c7811 _d7811 |
||